LEADER 01039nam0-2200361---450- 001 990009460450403321 005 20111021110650.0 010 $a0849303419$bvol. 1 010 $a0849303427$bvol. 2 010 $a0878193448$bvol. 3 035 $a000946045 035 $aFED01000946045 035 $a(Aleph)000946045FED01 035 $a000946045 100 $a20111021d1974----km-y0itaa50------ba 101 0 $aeng 102 $aUS 105 $aa-------001yy 200 1 $aHandbook of laboratory animal science$feditors Edward C. Melby Jr., Norman H. Altman 210 $aCleveland$cCRC Press$d1974 215 $a3 v.$cill.$d26 cm 610 0 $aAnimali da laboratorio 702 1$aMelby,$bEdward C.$c 702 1$aAltman,$bNorman H. 801 0$aIT$bUNINA$gRICA$2UNIMARC 901 $aBK 912 $a990009460450403321 952 $a51 D 31$b8544$fDMVAP 952 $a51 D 32$b8545$fDMVAP 952 $a51 D 33$b8546$fDMVAP 959 $aDMVAP 996 $aHandbook of laboratory animal science$9853258 997 $aUNINA LEADER 03471nam 22006855 450 001 996331947803316 005 20210111154346.0 010 $a3-11-048497-8 010 $a3-11-048619-9 024 7 $a10.1515/9783110486193 035 $a(CKB)3850000000001115 035 $a(DE-B1597)467631 035 $a(OCoLC)966560704 035 $a(DE-B1597)9783110486193 035 $a(MiAaPQ)EBC4768986 035 $a(PPN)202116050 035 $a(EXLCZ)993850000000001115 100 $a20200723h20162016 fg 101 0 $aita 135 $aur||||||||||| 181 $ctxt$2rdacontent 182 $cc$2rdamedia 183 $acr$2rdacarrier 200 00$aGiovenale tra storia, poesia e ideologia /$fAntonio Stramaglia, Stefano Grazzini, Giuseppe Dimatteo 210 1$aBerlin ;$aBoston : $cDe Gruyter, $d[2016] 210 4$d©2016 215 $a1 online resource (VIII, 357 p.) 225 0 $aBeiträge zur Altertumskunde ;$v357 311 $a3-11-048255-X 327 $tFrontmatter -- $tPremessa -- $tSommario -- $tIntroduzione -- $tCronologia e ideologia politica nelle satire di Giovenale -- $tLa Roma di Giovenale (e il nido della Concordia in 1, 116) -- $tIn medio venenum: una tipologia di parentesi in Giovenale -- $tIl ms. Cambridge, King?s College, 52 e la tradizione del testo di Giovenale -- $tPoetica e ideologia nella terza satira di Giovenale -- $tUmbricius, the Sybil and Evander: Vergilian voices in Juvenal, Satire 3 -- $tTradizione satirica e memoria letteraria: Luciano lettore di Giovenale? -- $tIl fragmentum Antinoense e la fortuna di Giovenale nel mondo grecofono -- $tLibri e percorsi tardoantichi delle satire di Giovenale (e di Persio) -- $tPrejudice and obstinacy in brackets: Juvenal, Satire 6 and the Oxford fragment(s) -- $tJuvenal and declamatory inventio -- $tProprietà terriere e metodi ?mafiosi?: Iuv. 14, 138?151 -- $tIndice dei luoghi antichi -- $tIndice dei nomi e delle cose notevoli 330 $aJuvenal?s satire continues to fascinate his readers and to challenge scholars by the constant interplay of a strong poetical identity, a keen historical perception, and an irresoluble ideological tension. The essays collected in this volume pursue these three strands from different but complementary perspectives, aiming at a firmer assessment of the character, the oeuvre, and the background of Rome?s last great satirical poet. 606 $aJuvenal 606 $aLateinische Literatur 606 $aSatire 606 $aJuvenal 606 $aLateinische Literatur 606 $aLatin literature 606 $aSatire 606 $asatire 606 $aLITERARY CRITICISM / Ancient & Classical$2bisacsh 615 0$aJuvenal. 615 0$aLateinische Literatur. 615 0$aSatire. 615 4$aJuvenal. 615 4$aLateinische Literatur. 615 4$aLatin literature. 615 4$aSatire. 615 4$asatire. 615 7$aLITERARY CRITICISM / Ancient & Classical. 676 $a871/.01 686 $aFX 228105$2rvk 702 $aDimatteo$b Giuseppe, $4edt$4http://id.loc.gov/vocabulary/relators/edt 702 $aGrazzini$b Stefano, $4edt$4http://id.loc.gov/vocabulary/relators/edt 702 $aStramaglia$b Antonio, $4edt$4http://id.loc.gov/vocabulary/relators/edt 801 0$bDE-B1597 801 1$bDE-B1597 906 $aBOOK 912 $a996331947803316 996 $aGiovenale tra storia, poesia e ideologia$91475863 997 $aUNISA LEADER 00943nam a2200253 i 4500 001 991003757389707536 008 020 $a9788865482179 035 $ab14382337-39ule_inst 040 $aDip.to di Storia, Società e Studi sull'Uomo$bita 082 04$a303.4834 082 04$a306.36 100 1 $aCiccarelli, Roberto$0563716 245 10$aForza lavoro :$bil lato oscuro della rivoluzione digitale /$cRoberto Ciccarelli 260 $aRoma :$bDeriveApprodi,$c2018 300 $a219 p. ;$c20 cm 490 0 $aComunità concrete ;$v7 650 4$aOrganizzazione del lavoro$xInnovazione tecnologica 907 $a.b14382337$b24-01-20$c24-01-20 912 $a991003757389707536 945 $aLE023 303.483 CIC 1 1$g1$i2023000181393$lle023$op$pE18.00$q-$rl$s- $t0$u0$v0$w0$x0$y.i15916832$z24-01-20 996 $aForza lavoro$91504963 997 $aUNISALENTO 998 $ale023$b24-01-20$cm$da $e-$fita$git $h0$i0